Summer Olympics Host Cities by Year - Statistics

General Stats
  • This quiz has been taken 131 times
  • The average score is 24 of 31
Answer Stats
Years City % Correct
1896 Athens
95%
2012 London
91%
2016 Rio de Janeiro
90%
2000 Sydney
89%
2008 Beijing
87%
1936 Berlin
87%
2020 Tokyo
87%
1992 Barcelona
86%
1900 Paris
86%
2004 Athens
85%
1996 Atlanta
85%
1908 London
82%
2024 Paris
82%
1988 Seoul
82%
1984 Los Angeles
81%
1980 Moscow
81%
1976 Montreal
78%
2028 Los Angeles
76%
1972 Munich
76%
1968 Mexico City
72%
1904 St. Louis
72%
1912 Stockholm
71%
1920 Antwerp
70%
1960 Rome
70%
1952 Helsinki
68%
1948 London
67%
1956 Melbourne
67%
1964 Tokyo
65%
1928 Amsterdam
63%
1932 Los Angeles
59%
1924 Paris
59%
No matching quizzes found
Score Distribution
Percent of People with Each Score
Percentile by Number Answered
Your Score History
You have not taken this quiz